| 000 | 00512nam a22001697a 4500 | ||
|---|---|---|---|
| 999 |
_c9268 _d9268 |
||
| 008 | 210401b ||||| |||| 00| 0 eng d | ||
| 040 | _aBMS College of Architecture | ||
| 100 | _aS, B, Kavyashre | ||
| 245 | _aMultiplex cum shopping mall Bangalore | ||
| 300 | _aNA | ||
| 500 | _a1BM00AT010 | ||
| 502 |
_8B.Arch _NBMS College of Architecture, Visvesvaraya Technological University _aProject report _d2004 |
||
| 650 | _aNA | ||
| 700 |
_aGurleen Kaur _eGuide |
||
| 700 |
_aSridhar Rajan _eGuide |
||
| 942 |
_2ddc _cTHE |
||